<?xml version="1.0" encoding="UTF-8"?>
<record
    xmlns:xsi="http://www.w3.org/2001/XMLSchema-instance"
    xsi:schemaLocation="http://www.loc.gov/MARC21/slim http://www.loc.gov/standards/marcxml/schema/MARC21slim.xsd"
    xmlns="http://www.loc.gov/MARC21/slim">

  <leader>00919nam a22002057a 4500</leader>
  <controlfield tag="005">20240321110919.0</controlfield>
  <datafield tag="010" ind1=" " ind2=" ">
    <subfield code="a">B-756325-334 ENG-139837</subfield>
  </datafield>
  <datafield tag="020" ind1=" " ind2=" ">
    <subfield code="a">9789355737687</subfield>
    <subfield code="c">999.00</subfield>
  </datafield>
  <datafield tag="035" ind1=" " ind2=" ">
    <subfield code="a">B-756325-334</subfield>
  </datafield>
  <datafield tag="035" ind1=" " ind2=" ">
    <subfield code="a">EN-123369</subfield>
  </datafield>
  <datafield tag="037" ind1=" " ind2=" ">
    <subfield code="a">Parth Booksellers &amp; Distributors </subfield>
  </datafield>
  <datafield tag="082" ind1=" " ind2=" ">
    <subfield code="a">000</subfield>
  </datafield>
  <datafield tag="245" ind1=" " ind2=" ">
    <subfield code="a">11 Years' JEE (Main &amp; Advanced):</subfield>
    <subfield code="b">Chapterwise Topicwise Physics Solved Questions (2013-2023)</subfield>
    <subfield code="c">Edit By Arun Kala</subfield>
  </datafield>
  <datafield tag="260" ind1=" " ind2=" ">
    <subfield code="a">New Delhi </subfield>
    <subfield code="b">Cengage Learning India Pvt. Ltd.</subfield>
    <subfield code="c">2023</subfield>
  </datafield>
  <datafield tag="270" ind1=" " ind2=" ">
    <subfield code="a">T-303, 3rd Floor DAV Comlex, Plot 3 Mayur Vihar Phase 1</subfield>
    <subfield code="b">New Delhi </subfield>
    <subfield code="e">110091</subfield>
  </datafield>
  <datafield tag="300" ind1=" " ind2=" ">
    <subfield code="a">409p.</subfield>
    <subfield code="c">28cm(Pbk)</subfield>
  </datafield>
  <datafield tag="700" ind1=" " ind2=" ">
    <subfield code="a">Kala,Arun</subfield>
    <subfield code="e">Editor</subfield>
    <subfield code="9">59650</subfield>
  </datafield>
  <datafield tag="942" ind1=" " ind2=" ">
    <subfield code="2">ddc</subfield>
    <subfield code="c">EN</subfield>
    <subfield code="m">JEE</subfield>
    <subfield code="h">000</subfield>
  </datafield>
  <datafield tag="999" ind1=" " ind2=" ">
    <subfield code="c">199551</subfield>
    <subfield code="d">199551</subfield>
  </datafield>
  <datafield tag="952" ind1=" " ind2=" ">
    <subfield code="0">0</subfield>
    <subfield code="1">0</subfield>
    <subfield code="4">0</subfield>
    <subfield code="7">0</subfield>
    <subfield code="8">NFIC</subfield>
    <subfield code="a">L</subfield>
    <subfield code="b">L</subfield>
    <subfield code="d">2024-01-10</subfield>
    <subfield code="e">Parth Booksellers &amp; Distributors/2/29.11.23/43/23.11.23/1.12.23</subfield>
    <subfield code="g">999.00</subfield>
    <subfield code="l">8</subfield>
    <subfield code="m">7</subfield>
    <subfield code="o">JEE 000</subfield>
    <subfield code="p">B-756325</subfield>
    <subfield code="r">2025-10-09 00:00:00</subfield>
    <subfield code="s">2025-09-19</subfield>
    <subfield code="t">1</subfield>
    <subfield code="v">999.00</subfield>
    <subfield code="w">2024-01-10</subfield>
    <subfield code="y">EN</subfield>
  </datafield>
  <datafield tag="952" ind1=" " ind2=" ">
    <subfield code="0">0</subfield>
    <subfield code="1">0</subfield>
    <subfield code="4">0</subfield>
    <subfield code="7">0</subfield>
    <subfield code="8">NFIC</subfield>
    <subfield code="a">M</subfield>
    <subfield code="b">M</subfield>
    <subfield code="d">2024-01-10</subfield>
    <subfield code="e">Parth Booksellers &amp; Distributors/2/29.11.23/43/23.11.23/1.12.23</subfield>
    <subfield code="g">999.00</subfield>
    <subfield code="l">0</subfield>
    <subfield code="o">JEE 000</subfield>
    <subfield code="p">B-756326</subfield>
    <subfield code="r">2024-01-10 00:00:00</subfield>
    <subfield code="t">2</subfield>
    <subfield code="v">999.00</subfield>
    <subfield code="w">2024-01-10</subfield>
    <subfield code="y">EN</subfield>
  </datafield>
  <datafield tag="952" ind1=" " ind2=" ">
    <subfield code="0">0</subfield>
    <subfield code="1">0</subfield>
    <subfield code="4">0</subfield>
    <subfield code="7">0</subfield>
    <subfield code="8">NFIC</subfield>
    <subfield code="a">AV</subfield>
    <subfield code="b">AV</subfield>
    <subfield code="d">2024-01-10</subfield>
    <subfield code="e">Parth Booksellers &amp; Distributors/2/29.11.23/43/23.11.23/1.12.23</subfield>
    <subfield code="g">999.00</subfield>
    <subfield code="l">4</subfield>
    <subfield code="m">4</subfield>
    <subfield code="o">JEE 000</subfield>
    <subfield code="p">B-756327</subfield>
    <subfield code="q">2026-06-09</subfield>
    <subfield code="r">2026-05-26 12:14:24</subfield>
    <subfield code="s">2026-05-26</subfield>
    <subfield code="t">3</subfield>
    <subfield code="v">999.00</subfield>
    <subfield code="w">2024-01-10</subfield>
    <subfield code="y">EN</subfield>
  </datafield>
  <datafield tag="952" ind1=" " ind2=" ">
    <subfield code="0">0</subfield>
    <subfield code="1">0</subfield>
    <subfield code="4">0</subfield>
    <subfield code="7">0</subfield>
    <subfield code="8">NFIC</subfield>
    <subfield code="a">BL1</subfield>
    <subfield code="b">BL1</subfield>
    <subfield code="d">2024-01-10</subfield>
    <subfield code="e">Parth Booksellers &amp; Distributors/2/29.11.23/43/23.11.23/1.12.23</subfield>
    <subfield code="g">999.00</subfield>
    <subfield code="l">4</subfield>
    <subfield code="m">5</subfield>
    <subfield code="o">JEE 000</subfield>
    <subfield code="p">B-756328</subfield>
    <subfield code="r">2024-11-02 00:00:00</subfield>
    <subfield code="s">2024-09-09</subfield>
    <subfield code="t">4</subfield>
    <subfield code="v">999.00</subfield>
    <subfield code="w">2024-01-10</subfield>
    <subfield code="y">EN</subfield>
  </datafield>
  <datafield tag="952" ind1=" " ind2=" ">
    <subfield code="0">0</subfield>
    <subfield code="1">0</subfield>
    <subfield code="4">0</subfield>
    <subfield code="7">0</subfield>
    <subfield code="8">NFIC</subfield>
    <subfield code="a">DIZ</subfield>
    <subfield code="b">DIZ</subfield>
    <subfield code="d">2024-01-10</subfield>
    <subfield code="e">Parth Booksellers &amp; Distributors/2/29.11.23/43/23.11.23/1.12.23</subfield>
    <subfield code="g">999.00</subfield>
    <subfield code="l">0</subfield>
    <subfield code="o">JEE 000</subfield>
    <subfield code="p">B-756329</subfield>
    <subfield code="r">2024-01-10 00:00:00</subfield>
    <subfield code="t">5</subfield>
    <subfield code="v">999.00</subfield>
    <subfield code="w">2024-01-10</subfield>
    <subfield code="y">EN</subfield>
  </datafield>
  <datafield tag="952" ind1=" " ind2=" ">
    <subfield code="0">0</subfield>
    <subfield code="1">0</subfield>
    <subfield code="4">0</subfield>
    <subfield code="7">0</subfield>
    <subfield code="8">NFIC</subfield>
    <subfield code="a">ZLS</subfield>
    <subfield code="b">ZLS</subfield>
    <subfield code="d">2024-01-10</subfield>
    <subfield code="e">Parth Booksellers &amp; Distributors/2/29.11.23/43/23.11.23/1.12.23</subfield>
    <subfield code="g">999.00</subfield>
    <subfield code="l">9</subfield>
    <subfield code="m">7</subfield>
    <subfield code="o">JEE 000</subfield>
    <subfield code="p">B-756330</subfield>
    <subfield code="r">2026-04-06 05:45:02</subfield>
    <subfield code="s">2026-03-27</subfield>
    <subfield code="t">6</subfield>
    <subfield code="v">999.00</subfield>
    <subfield code="w">2024-01-10</subfield>
    <subfield code="y">EN</subfield>
  </datafield>
  <datafield tag="952" ind1=" " ind2=" ">
    <subfield code="0">0</subfield>
    <subfield code="1">0</subfield>
    <subfield code="4">0</subfield>
    <subfield code="7">0</subfield>
    <subfield code="8">NFIC</subfield>
    <subfield code="a">VP</subfield>
    <subfield code="b">VP</subfield>
    <subfield code="d">2024-01-10</subfield>
    <subfield code="e">Parth Booksellers &amp; Distributors/2/29.11.23/43/23.11.23/1.12.23</subfield>
    <subfield code="g">999.00</subfield>
    <subfield code="l">0</subfield>
    <subfield code="o">JEE 000</subfield>
    <subfield code="p">B-756331</subfield>
    <subfield code="r">2024-01-10 00:00:00</subfield>
    <subfield code="t">7</subfield>
    <subfield code="v">999.00</subfield>
    <subfield code="w">2024-01-10</subfield>
    <subfield code="y">EN</subfield>
  </datafield>
  <datafield tag="952" ind1=" " ind2=" ">
    <subfield code="0">0</subfield>
    <subfield code="1">0</subfield>
    <subfield code="4">0</subfield>
    <subfield code="7">0</subfield>
    <subfield code="8">NFIC</subfield>
    <subfield code="a">BN</subfield>
    <subfield code="b">BN</subfield>
    <subfield code="d">2024-01-10</subfield>
    <subfield code="e">Parth Booksellers &amp; Distributors/2/29.11.23/43/23.11.23/1.12.23</subfield>
    <subfield code="g">999.00</subfield>
    <subfield code="l">0</subfield>
    <subfield code="o">JEE 000</subfield>
    <subfield code="p">B-756332</subfield>
    <subfield code="r">2024-01-10 00:00:00</subfield>
    <subfield code="t">8</subfield>
    <subfield code="v">999.00</subfield>
    <subfield code="w">2024-01-10</subfield>
    <subfield code="y">EN</subfield>
  </datafield>
  <datafield tag="952" ind1=" " ind2=" ">
    <subfield code="0">0</subfield>
    <subfield code="1">0</subfield>
    <subfield code="4">0</subfield>
    <subfield code="7">0</subfield>
    <subfield code="8">NFIC</subfield>
    <subfield code="a">BL4</subfield>
    <subfield code="b">BL4</subfield>
    <subfield code="d">2024-01-10</subfield>
    <subfield code="e">Parth Booksellers &amp; Distributors/2/29.11.23/43/23.11.23/1.12.23</subfield>
    <subfield code="g">999.00</subfield>
    <subfield code="l">13</subfield>
    <subfield code="m">11</subfield>
    <subfield code="o">JEE 000</subfield>
    <subfield code="p">B-756333</subfield>
    <subfield code="q">2026-06-24</subfield>
    <subfield code="r">2026-06-10 16:44:31</subfield>
    <subfield code="s">2026-06-10</subfield>
    <subfield code="t">9</subfield>
    <subfield code="v">999.00</subfield>
    <subfield code="w">2024-01-10</subfield>
    <subfield code="y">EN</subfield>
  </datafield>
  <datafield tag="952" ind1=" " ind2=" ">
    <subfield code="0">0</subfield>
    <subfield code="1">0</subfield>
    <subfield code="4">0</subfield>
    <subfield code="7">0</subfield>
    <subfield code="8">NFIC</subfield>
    <subfield code="a">YV</subfield>
    <subfield code="b">YV</subfield>
    <subfield code="d">2024-01-10</subfield>
    <subfield code="e">Parth Booksellers &amp; Distributors/2/29.11.23/43/23.11.23/1.12.23</subfield>
    <subfield code="g">999.00</subfield>
    <subfield code="l">15</subfield>
    <subfield code="m">24</subfield>
    <subfield code="o">JEE 000</subfield>
    <subfield code="p">B-756334</subfield>
    <subfield code="r">2025-07-03 00:00:00</subfield>
    <subfield code="s">2025-05-23</subfield>
    <subfield code="t">10</subfield>
    <subfield code="v">999.00</subfield>
    <subfield code="w">2024-01-10</subfield>
    <subfield code="y">EN</subfield>
  </datafield>
  <datafield tag="952" ind1=" " ind2=" ">
    <subfield code="0">0</subfield>
    <subfield code="1">0</subfield>
    <subfield code="4">0</subfield>
    <subfield code="7">0</subfield>
    <subfield code="8">NFIC</subfield>
    <subfield code="a">BL4</subfield>
    <subfield code="b">BL4</subfield>
    <subfield code="d">2024-03-21</subfield>
    <subfield code="e">DBAD/PUB</subfield>
    <subfield code="g">999.00</subfield>
    <subfield code="l">5</subfield>
    <subfield code="m">7</subfield>
    <subfield code="o">JEE 000</subfield>
    <subfield code="p">EN-123369</subfield>
    <subfield code="q">2026-07-15</subfield>
    <subfield code="r">2026-06-05 10:53:38</subfield>
    <subfield code="s">2026-06-05</subfield>
    <subfield code="t">1</subfield>
    <subfield code="v">999.00</subfield>
    <subfield code="w">2024-03-21</subfield>
    <subfield code="y">EN</subfield>
  </datafield>
</record>
